000 01000nas a2200289 4500
001 BR8804302
003 BR-BrBNA
005 20231205091228.0
007 ta
008 230509b bl.|||p| |||| 00| 00por d
040 _aBR-BrBNA
_bpor
_cBiblioteca Nacional de Agricultura
041 _a(Pt)
072 _aF60; F62
100 1 _aJesus, V.S. de
100 1 _aMoraes, C.F. de
100 1 _aTeles, F.F.F.
100 1 _aSediyama, C.S.
100 1 _aMoraes, G.H.K. de
245 1 _aTeor de proteina nas folhas de dez variedades de mandioca durante primeiro ciclo de crescimento
_bParte de tese
246 1 _aCrude protein content of the leaves of ten cassava varieties, Manihot esculenta Crantz, from the 5th to the 10th month after planting
650 _aMANDIOCA
650 _aPROTEINA
650 _aCRESCIMENTO
773 0 _tRevista Ceres (Brazil)
_xISSN 0034-737X
_g(Jul-Aug 1987), v. 34(194) p. 366-377
_wBR8804302
909 _a202311
_bLúcia
_c55
_dLúcia Elande
942 _2AGRIS
_n0
_cANA
999 _c123709
_d123709